000 00273nam a22001337a 4500
008 170911b xxu||||| |||| 00| 0 eng d
020 _a9780534395674
041 _aeng
080 _a52
100 _a42
101 _aAST
245 _aVOYAGES
_cFRAKNOI
942 _2udc
_cBK
999 _c27106
_d27106